South Asian bond markets (Record no. 31952)
[ view plain ]
| 000 -LEADER | |
|---|---|
| fixed length control field | 01449nam a2200373Ia 4500 |
| 082 04 - DEWEY DECIMAL CLASSIFICATION NUMBER | |
| Classification number | 332.63/230954 |
| 100 1# - MAIN ENTRY--AUTHOR NAME | |
| Personal name | Sophastienphong, Kiatchai. |
| 245 10 - TITLE STATEMENT | |
| Title | South Asian bond markets |
| 260 ## - PUBLICATION, DISTRIBUTION, ETC. (IMPRINT) | |
| Place of publication | Washington, D.C. : |
| Name of publisher | World Bank, |
| Year of publication | c2008. |
| 300 ## - PHYSICAL DESCRIPTION | |
| Number of Pages | xxvi, 195 p. : |
| Other physical details | ill., col. map. |
| 650 #0 - SUBJECT ADDED ENTRY--TOPICAL TERM | |
| Topical Term | Bond market |
| Topical Term | Finance |
| 700 1# - ADDED ENTRY--PERSONAL NAME | |
| Personal name | Mu, Yibin, |
| Personal name | Saporito, Carlotta, |
| 856 40 - ELECTRONIC LOCATION AND ACCESS | |
| Uniform Resource Identifier | http://site.ebrary.com/lib/rucke/Doc?id=10252472 |
No items available.
